Loading...
Auditory Arts | 6 | 15.00 | 100% | 33% | 17% |
Beliefs | 10 | 19.00 | 100% | 80% | 10% |
Current Events | 4 | 15.00 | 100% | 25% | 25% |
Fine Arts - Other Arts | 5 | 20.00 | 100% | 60% | 40% |
Geography | 2 | 10.00 | 50% | 50% | 0% |
History - American History | 7 | 21.43 | 100% | 71% | 43% |
History - Ancient History | 6 | 20.00 | 83% | 83% | 33% |
History - European History | 4 | 7.50 | 50% | 25% | 0% |
History - Other History | 2 | 15.00 | 100% | 50% | 0% |
History - World History | 10 | 14.00 | 100% | 30% | 10% |
Literature - American Literature | 6 | 21.67 | 100% | 67% | 50% |
Literature - British Literature | 8 | 23.75 | 100% | 100% | 38% |
Literature - European Literature | 8 | 21.25 | 100% | 88% | 25% |
Literature - World Literature | 6 | 23.33 | 100% | 67% | 67% |
Other Academic | 2 | 20.00 | 100% | 50% | 50% |
Philosophy | 6 | 21.67 | 100% | 83% | 33% |
Science - Biology | 9 | 15.56 | 100% | 44% | 11% |
Science - Chemistry | 7 | 18.57 | 100% | 57% | 29% |
Science - Other Science | 9 | 18.89 | 89% | 56% | 44% |
Science - Physics | 8 | 23.75 | 100% | 88% | 50% |
Social Science | 13 | 22.31 | 100% | 62% | 62% |
Visual Arts | 5 | 16.00 | 100% | 60% | 0% |